000
nam a22 7a 4500
999
_c
48201
_d
48201
003
OSt
005
20190705154725.0
008
190705b xxu||||| |||| 00| 0 eng d
040
_c
SEROSOFT
100
_a
PANKAJ HANS
245
_a
JAYPEE NURSING DRUG BOOK 2014-2015
300
_a
877
942
_2
ddc
_c
01